[Event "Olomouc Chess Summer 2013 - Valoz Cup"]
[Site "?"]
[Date "2013.08.06"]
[Round "7.1"]
[White "Narayanan, Srinath"]
[Black "Mirzoev, Azer"]
[Result "1/2-1/2"]
[WhiteElo "2475"]
[BlackElo "2536"]
[PlyCount "95"]
[EventDate "2013.??.??"]

1. e4 e5 2. Bc4 Nc6 3. Nf3 Bc5 4. O-O Nf6 5. d3 a6 6. c3 Ba7 7. Bb3 d6 8. h3 h6
9. Nbd2 Be6 10. Bc2 g5 11. Nh2 Rg8 12. Bb3 Qe7 13. Ng4 Nxg4 14. hxg4 O-O-O 15.
Bxe6+ Qxe6 16. Qf3 h5 17. gxh5 g4 18. Qf5 Rh8 19. Qxe6+ fxe6 20. Kh2 g3+ 21.
Kxg3 Rdg8+ 22. Kf3 Rxh5 23. Ke2 Rxg2 24. Nf3 Rh8 25. Be3 Bxe3 26. Kxe3 Rg6 27.
Rh1 Rf8 28. Rag1 Rgf6 29. Rg3 b5 30. Rh7 Nd8 31. b4 Nc6 32. Ng5 d5 33. Nh3 R6f7
34. Rxf7 Rxf7 35. a3 d4+ 36. cxd4 Nxd4 37. f4 exf4+ 38. Nxf4 e5 39. Ne2 Nc6 40.
Rg5 Rh7 41. Ng1 Rh1 42. Nf3 Ra1 43. Nxe5 Nxe5 44. Rxe5 Rxa3 45. Rd5 c6 46. Rd6
Kc7 47. e5 a5 48. bxa5 1/2-1/2

[Event "Olomouc Chess Summer 2013 - Valoz Cup"]
[Site "?"]
[Date "2013.08.06"]
[Round "7.2"]
[White "Simantsev, Mikhail"]
[Black "Bures, Jaroslav"]
[Result "1/2-1/2"]
[WhiteElo "2473"]
[BlackElo "2379"]
[PlyCount "21"]
[EventDate "2013.??.??"]

1. d4 Nf6 2. c4 e6 3. Nf3 b6 4. g3 Ba6 5. b3 Bb4+ 6. Bd2 Be7 7. Bg2 c6 8. O-O
d5 9. Ne5 Nfd7 10. Nxd7 Nxd7 11. Bc3 1/2-1/2

[Event "Olomouc Chess Summer 2013 - Valoz Cup"]
[Site "?"]
[Date "2013.08.06"]
[Round "7.3"]
[White "Akkozov, Berik"]
[Black "Rzayev, Bahruz"]
[Result "0-1"]
[WhiteElo "2377"]
[BlackElo "2429"]
[PlyCount "102"]
[EventDate "2013.??.??"]

1. d4 d5 2. Nf3 Nc6 3. Bf4 Bg4 4. e3 f6 5. Be2 e5 6. dxe5 Bxf3 7. Bxf3 fxe5 8.
Bg3 e4 9. Be2 Bd6 10. Nc3 Bxg3 11. hxg3 Nge7 12. Bb5 Qd7 13. Qh5+ g6 14. Bxc6
bxc6 15. Qe5 O-O 16. Rd1 Qd6 17. Qxd6 cxd6 18. b3 Rf6 19. Rd2 Raf8 20. O-O g5
21. Rc1 Ng6 22. Nd1 Ne5 23. Nb2 h5 24. c4 dxc4 25. bxc4 h4 26. gxh4 gxh4 27.
Kf1 Rg6 28. Rcd1 Rff6 29. Rc2 Ng4 30. Ke1 Nh2 31. Rd4 h3 32. gxh3 Nf3+ 33. Ke2
Nxd4+ 34. exd4 Rf3 35. Nd1 Rxh3 36. Ne3 Rf6 37. Rc1 Rhf3 38. Rg1+ Kf7 39. Rg2
Rh3 40. Rg5 Rhf3 41. Rg2 Ke7 42. Rh2 Kd7 43. c5 R3f4 44. Nc4 dxc5 45. dxc5 Ke6
46. Nd2 Kd5 47. Ke3 R6f5 48. Rh7 a5 49. Ra7 Rh4 50. Rxa5 Rh3+ 51. Ke2 Rh2 0-1

[Event "Olomouc Chess Summer 2013 - Valoz Cup"]
[Site "?"]
[Date "2013.08.06"]
[Round "7.4"]
[White "Cerveny, Petr"]
[Black "Krejci, Jan"]
[Result "0-1"]
[WhiteElo "2285"]
[BlackElo "2521"]
[PlyCount "68"]
[EventDate "2013.??.??"]

1. e4 e5 2. Nf3 Nc6 3. Bc4 Nf6 4. d3 Be7 5. O-O O-O 6. Re1 d6 7. a4 Na5 8. Ba2
c5 9. Nbd2 Nc6 10. c3 h6 11. Nf1 Re8 12. Ng3 Bf8 13. Nh4 Bg4 14. f3 Be6 15.
Bxe6 Rxe6 16. Nhf5 d5 17. Qe2 Na5 18. c4 d4 19. Qd1 Rb6 20. Ra3 Kh7 21. Ne2 g6
22. Nfg3 h5 23. Bd2 Nc6 24. Qc1 Nb4 25. Nh1 Ng8 26. Rf1 Bh6 27. f4 exf4 28.
Nxf4 Nf6 29. Nxh5 Be3+ 30. Bxe3 dxe3 31. Nf4 Qd4 32. Ne2 Qd7 33. Rf3 Nxd3 34.
Qf1 Kg7 0-1

[Event "Olomouc Chess Summer 2013 - Valoz Cup"]
[Site "?"]
[Date "2013.08.06"]
[Round "7.5"]
[White "Simacek, Pavel"]
[Black "Mammadov, Zaur"]
[Result "1/2-1/2"]
[WhiteElo "2468"]
[BlackElo "2437"]
[PlyCount "144"]
[EventDate "2013.??.??"]

1. e4 c6 2. d4 d5 3. Nd2 dxe4 4. Nxe4 Nd7 5. Nf3 Ngf6 6. Ng3 g6 7. c3 Bg7 8. h4
h5 9. Bg5 Nf8 10. Be2 Ne6 11. Qc2 Ng4 12. Bd3 O-O 13. O-O-O Qc7 14. Rde1 Nf4
15. Rxe7 Nxd3+ 16. Qxd3 Nxf2 17. Rxc7 Nxd3+ 18. Kb1 f6 19. Bd2 Re8 20. Kc2 Nf2
21. Re1 Rxe1 22. Nxe1 Bf8 23. Bf4 Ng4 24. Nf3 f5 25. Ng5 Nf6 26. Be5 Nd7 27.
Bf4 Be7 28. Ne6 Bxh4 29. Ne2 Kf7 30. Nc5 Bd8 31. Rxd7+ Bxd7 32. Nxd7 g5 33. Bd2
h4 34. Kd3 Be7 35. Ne5+ Ke6 36. c4 Rh8 37. d5+ cxd5 38. cxd5+ Kxd5 39. Ng6 Rh7
40. Nxe7+ Rxe7 41. Bxg5 Rh7 42. Nf4+ Kc5 43. Bf6 a6 44. Kc3 Rh6 45. Be7+ Kb5
46. b3 Rc6+ 47. Kd4 Rc2 48. a4+ Kc6 49. Bxh4 b5 50. axb5+ Kxb5 51. Be1 a5 52.
g3 Ra2 53. Nd3 Re2 54. Bf2 Re4+ 55. Kd5 Re2 56. Bg1 Re8 57. Bc5 Rc8 58. Bd4
Rd8+ 59. Ke5 Re8+ 60. Kxf5 a4 61. Be5 a3 62. Nc1 Rc8 63. Bf4 Rc2 64. g4 a2 65.
Nxa2 Rxa2 66. Bd6 Rd2 67. Be7 Re2 68. Kf6 Rf2+ 69. Ke6 Re2+ 70. Kd7 Rg2 71. g5
Rxg5 72. Bxg5 Kb4 1/2-1/2

[Event "Olomouc Chess Summer 2013 - Prima Pack Cup"]
[Site "?"]
[Date "2013.08.06"]
[Round "7.1"]
[White "Kholopov, Alexander A"]
[Black "Kubik, Michael"]
[Result "1-0"]
[WhiteElo "2310"]
[BlackElo "2154"]
[PlyCount "67"]
[EventDate "2013.??.??"]

1. d4 Nf6 2. c4 d6 3. Nc3 Nbd7 4. e4 e5 5. Nf3 g6 6. Be2 Bg7 7. O-O O-O 8. Re1
c6 9. Bf1 Qb6 10. d5 cxd5 11. cxd5 Nc5 12. Nd2 Bd7 13. Nc4 Qc7 14. b4 Na6 15.
Qb3 Rfc8 16. a4 Ne8 17. Nb5 Qb8 18. Be3 Bf8 19. Rec1 Nac7 20. Nc3 b5 21. Na5
bxa4 22. Nxa4 Nf6 23. f3 Nb5 24. Rxc8 Qxc8 25. Rc1 Qe8 26. Nc6 Nd4 27. Qc3 Bg7
28. b5 Nh5 29. Qb4 Qf8 30. b6 Bh6 31. Qd2 Bxe3+ 32. Qxe3 axb6 33. Nxb6 Nf6 34.
Nxa8 1-0

[Event "Olomouc Chess Summer 2013 - Prima Pack Cup"]
[Site "?"]
[Date "2013.08.06"]
[Round "7.3"]
[White "Wiley, Tom E"]
[Black "Tokmachev, Mikhail"]
[Result "1/2-1/2"]
[WhiteElo "2256"]
[BlackElo "2356"]
[PlyCount "99"]
[EventDate "2013.??.??"]

1. e4 c5 2. Nf3 d6 3. Bb5+ Nd7 4. d4 Ngf6 5. O-O cxd4 6. Qxd4 g6 7. e5 dxe5 8.
Qxe5 a6 9. Bxd7+ Bxd7 10. Re1 Bg7 11. Nc3 Be6 12. Ng5 Bf5 13. Nd5 Kf8 14. Nxe7
Ne4 15. Qd5 Qxe7 16. Nxe4 Re8 17. f3 Rd8 18. Qb3 Bxe4 19. fxe4 Bd4+ 20. Kh1 Kg7
21. Bd2 Rhe8 22. Bc3 Bxc3 23. Qxc3+ Qe5 24. Qxe5+ Rxe5 25. Re2 f5 26. Kg1 Kf6
27. Rae1 Rde8 28. Kf2 fxe4 29. Ke3 R8e6 30. Rd1 h5 31. Rd4 b5 32. h4 g5 33.
Rf2+ Rf5 34. Rxf5+ Kxf5 35. Rd5+ Kg4 36. Rxg5+ Kxh4 37. Rg8 b4 38. c4 bxc3 39.
bxc3 Rc6 40. Kd4 e3 41. Kxe3 Rxc3+ 42. Kf4 Rc4+ 43. Kf3 Rc3+ 44. Kf4 Rc2 45.
g3+ Kh3 46. Rg5 Rf2+ 47. Ke3 Rxa2 48. Rxh5+ Kxg3 49. Rg5+ Kh2 50. Kd3 1/2-1/2

[Event "Olomouc Chess Summer 2013 - Prima Pack Cup"]
[Site "?"]
[Date "2013.08.06"]
[Round "7.5"]
[White "Efroimski, Marsel"]
[Black "Obsivac, Josef"]
[Result "0-1"]
[WhiteElo "2297"]
[BlackElo "2298"]
[PlyCount "70"]
[EventDate "2013.??.??"]

1. e4 e6 2. d4 d5 3. Nd2 c5 4. exd5 exd5 5. Ngf3 Nf6 6. c3 Nc6 7. Bb5 Be7 8.
dxc5 Bxc5 9. O-O O-O 10. Nb3 Bb6 11. Nbd4 Qd6 12. h3 Ne4 13. Bd3 a6 14. Ne2 Re8
15. Bb1 Bf5 16. Nfd4 Bd7 17. a4 Rad8 18. Bf4 Qf6 19. Qd3 Ne5 20. Qc2 Ng6 21.
Bh2 Ng5 22. Qd3 Ne4 23. f3 Nc5 24. Qc2 Ne6 25. Rd1 Nxd4 26. Nxd4 Re3 27. Bg3
Rde8 28. Bf2 R3e7 29. Qd3 Bc7 30. Nf5 Re5 31. Nd4 Rg5 32. Be3 Rh5 33. Bf2 Qd6
34. h4 Qh2+ 35. Kf1 Nf4 0-1

[Event "Olomouc Chess Summer 2013 - Open Olomouc"]
[Site "?"]
[Date "2013.08.06"]
[Round "7.1"]
[White "Plat, Vojtech"]
[Black "Hjelmaas, Lars"]
[Result "1-0"]
[WhiteElo "2470"]
[BlackElo "2270"]
[PlyCount "59"]
[EventDate "2013.??.??"]

1. d4 e6 2. Nf3 d5 3. c4 c5 4. Nc3 Nc6 5. cxd5 exd5 6. g3 Nf6 7. Bg2 Be7 8. O-O
O-O 9. dxc5 Bxc5 10. Bg5 d4 11. Bxf6 Qxf6 12. Ne4 Qe7 13. Nxc5 Qxc5 14. Rc1 Qb6
15. Qd2 Be6 16. a3 Rfd8 17. Ng5 Bd5 18. Qf4 Qb3 19. Bxd5 Qxd5 20. Rc5 Qd7 21.
Qe4 g6 22. Qh4 f5 23. Rfc1 Re8 24. b4 a6 25. a4 Re5 26. b5 axb5 27. axb5 Rxc5
28. Rxc5 Nd8 29. Re5 Rc8 30. Nxh7 1-0

[Event "Olomouc Chess Summer 2013 - Open Olomouc"]
[Site "?"]
[Date "2013.08.06"]
[Round "7.2"]
[White "Vrana, Jan"]
[Black "Sabuk, Piotr"]
[Result "0-1"]
[WhiteElo "2356"]
[BlackElo "2239"]
[PlyCount "82"]
[EventDate "2013.??.??"]

1. e4 e5 2. f4 exf4 3. Nf3 d6 4. d4 g5 5. h4 g4 6. Ng1 f5 7. Bxf4 fxe4 8. Nc3
d5 9. Be5 Nf6 10. Nxd5 Qxd5 11. Bxf6 Bb4+ 12. c3 O-O 13. Be5 Qf7 14. Qe2 Bd6
15. Bxd6 cxd6 16. g3 e3 17. O-O-O Qxa2 18. Qxe3 Be6 19. Bd3 Qa1+ 20. Kc2 Bb3+
21. Kxb3 Qxd1+ 22. Bc2 Qf1 23. Qe4 Qf7+ 24. Ka3 Kh8 25. Ne2 Nc6 26. Nf4 Rae8
27. Qd3 Qc7 28. b3 Rf7 29. Kb2 Qd7 30. h5 Ne7 31. Rf1 d5 32. Re1 Nf5 33. Rxe8+
Qxe8 34. Nxd5 b5 35. Nf4 a6 36. Bd1 Qe1 37. Bxg4 Nxg3 38. Nh3 Rf1 39. Ka3 a5
40. Qc2 Qa1+ 41. Qa2 b4+ 0-1

[Event "Olomouc Chess Summer 2013 - Open Olomouc"]
[Site "?"]
[Date "2013.08.06"]
[Round "7.3"]
[White "Kazakov, Konstantin"]
[Black "Dukaczewski, Piotr"]
[Result "1-0"]
[WhiteElo "2307"]
[BlackElo "2233"]
[PlyCount "49"]
[EventDate "2013.??.??"]

1. e4 c5 2. Nf3 Nc6 3. Bb5 d6 4. Bxc6+ bxc6 5. O-O e5 6. c3 g5 7. d4 g4 8. Nfd2
cxd4 9. cxd4 exd4 10. Nc4 Bg7 11. Bf4 Ne7 12. Nxd6+ Kf8 13. Nxc8 Qxc8 14. f3 h5
15. Nd2 Qe6 16. Nb3 gxf3 17. Qxf3 Rd8 18. Bc7 Rc8 19. Bd6 Ke8 20. e5 c5 21.
Bxc5 Bxe5 22. Bxd4 Nc6 23. Rae1 Kd7 24. Bxe5 Nxe5 25. Qe4 1-0

[Event "Olomouc Chess Summer 2013 - Open Olomouc"]
[Site "?"]
[Date "2013.08.06"]
[Round "7.4"]
[White "Johansson, Jan"]
[Black "Tregubov, Andrey"]
[Result "0-1"]
[WhiteElo "2394"]
[BlackElo "2333"]
[PlyCount "88"]
[EventDate "2013.??.??"]

1. d4 Nf6 2. c4 e6 3. Nf3 Bb4+ 4. Bd2 Qe7 5. e3 Bxd2+ 6. Nbxd2 O-O 7. e4 d6 8.
e5 Nfd7 9. Bd3 dxe5 10. dxe5 Nc5 11. Bc2 Nc6 12. a3 a5 13. Qe2 f5 14. exf6 Qxf6
15. O-O-O a4 16. Qe3 Ra5 17. h4 e5 18. Ng5 Bf5 19. Nde4 Nxe4 20. Bxe4 Nd4 21.
Bxf5 Qxf5 22. Ne4 Rc5 23. Qd3 Rc6 24. Kb1 Rg6 25. Rdg1 h5 26. f3 b6 27. Ka2 c6
28. Qd2 Qe6 29. Qd3 Qf5 30. Ka1 b5 31. c5 Rd8 32. Kb1 Rd5 33. Qe3 Ne6 34. g4
Qf4 35. Qxf4 exf4 36. gxh5 Rh6 37. Rg4 Rdxh5 38. Rd1 Rxh4 39. Rgg1 Rh3 40. Rd6
Nf8 41. Nf6+ Kf7 42. Ng4 Rxd6 43. cxd6 Ke6 44. Rd1 Rxf3 0-1

[Event "Olomouc Chess Summer 2013 - Open Olomouc"]
[Site "?"]
[Date "2013.08.06"]
[Round "7.5"]
[White "Gunajew, Rafal"]
[Black "Kanovsky, David"]
[Result "0-1"]
[WhiteElo "2310"]
[BlackElo "2391"]
[PlyCount "48"]
[EventDate "2013.??.??"]

1. e4 e6 2. Nf3 d5 3. e5 c5 4. c3 Nc6 5. Na3 f6 6. exf6 Nxf6 7. d4 cxd4 8. cxd4
Bb4+ 9. Bd2 Bxd2+ 10. Qxd2 Ne4 11. Qe3 Qa5+ 12. Kd1 O-O 13. Bd3 e5 14. Bxe4
dxe4 15. Nc4 exd4 16. Qxe4 Qc5 17. Rc1 Bf5 18. Qh4 Rae8 19. Re1 Rxe1+ 20. Nxe1
Qd5 21. f3 Bg6 22. Qg3 Rd8 23. Qc7 d3 24. Kd2 Qd4 0-1

[Event "Olomouc Chess Summer 2013 - Open Olomouc"]
[Site "?"]
[Date "2013.08.06"]
[Round "7.6"]
[White "Pasiev, Rakhim"]
[Black "Stachanczyk, Jacek"]
[Result "1-0"]
[WhiteElo "2376"]
[BlackElo "2227"]
[PlyCount "95"]
[EventDate "2013.??.??"]

1. e4 e5 2. Nf3 Nc6 3. Nc3 Nf6 4. Bb5 Bb4 5. O-O O-O 6. d3 d6 7. Bxc6 bxc6 8.
Ne2 Nh5 9. c3 Ba5 10. a4 c5 11. Bg5 Qe8 12. Nd2 c6 13. Nc4 Bc7 14. Ne3 Rb8 15.
Rb1 Be6 16. b3 f6 17. Bh4 Nf4 18. f3 Bxb3 19. Rxb3 Nxe2+ 20. Kh1 Nf4 21. Bg3
Ng6 22. Qc2 Qf7 23. Rfb1 Rb6 24. Nc4 Rxb3 25. Rxb3 d5 26. Ne3 c4 27. Rb7 cxd3
28. Qxd3 Nf4 29. Bxf4 exf4 30. Nc2 dxe4 31. Qxe4 Re8 32. Qxc6 Qe6 33. Qxe6+
Rxe6 34. Rxc7 Re2 35. h4 Rxc2 36. a5 a6 37. Rc6 Rc1+ 38. Kh2 h5 39. c4 Kf7 40.
c5 Kg6 41. Rxa6 Rxc5 42. Ra8 Rc1 43. a6 Ra1 44. Ra7 Kh6 45. g3 Ra2+ 46. Kh3 Ra3
47. Ra8 Rxf3 48. a7 1-0

[Event "Olomouc Chess Summer 2013 - Open Olomouc"]
[Site "?"]
[Date "2013.08.06"]
[Round "7.7"]
[White "Kriebel, Tadeas"]
[Black "Furman, Boris"]
[Result "1-0"]
[WhiteElo "2351"]
[BlackElo "2164"]
[PlyCount "79"]
[EventDate "2013.??.??"]

1. e4 c5 2. Nf3 Nc6 3. d4 cxd4 4. Nxd4 Nf6 5. Nc3 d6 6. Bg5 e6 7. Qd2 Be7 8.
O-O-O O-O 9. h4 d5 10. exd5 Nxd5 11. Bxe7 Ndxe7 12. Nxc6 Qxd2+ 13. Rxd2 Nxc6
14. Bb5 e5 15. Bxc6 bxc6 16. Rd6 Re8 17. Rhd1 Kf8 18. Rxc6 Bb7 19. Rc7 Re7 20.
Rxe7 Kxe7 21. Nd5+ Kf8 22. c4 Rc8 23. b3 f5 24. g3 Kf7 25. Kb2 Ke6 26. Kc3 h6
27. h5 Bc6 28. f4 e4 29. Ne3 Rc7 30. c5 Rd7 31. Rxd7 Bxd7 32. Kb4 Be8 33. Ka5
Bxh5 34. Ka6 g5 35. b4 gxf4 36. gxf4 Be2+ 37. Kxa7 h5 38. c6 h4 39. c7 Kd7 40.
Kb8 1-0

[Event "Olomouc Chess Summer 2013 - Open Olomouc"]
[Site "?"]
[Date "2013.08.06"]
[Round "7.9"]
[White "Schmidt, Raul"]
[Black "Beil, Zdenek"]
[Result "1/2-1/2"]
[WhiteElo "2371"]
[BlackElo "2238"]
[PlyCount "130"]
[EventDate "2013.??.??"]

1. Nf3 d5 2. d4 Nf6 3. c4 c6 4. Nc3 dxc4 5. g3 b5 6. Bg2 Bb7 7. O-O e6 8. e4
Be7 9. e5 Nd5 10. Ne4 h6 11. h4 Nd7 12. Nh2 c5 13. Qg4 g6 14. h5 cxd4 15. hxg6
Nxe5 16. gxf7+ Nxf7 17. Qxe6 Qb6 18. Qf5 Rd8 19. Ng4 Bc8 20. Qh5 Qe6 21. Bf3
Kf8 22. Rd1 Rg8 23. Nxh6 Rh8 24. Qxf7+ Qxf7 25. Nxf7 Kxf7 26. Rxd4 Nb4 27. Rxd8
Rxd8 28. Bd2 Bf5 29. Bc3 Nd3 30. a3 a5 31. Bxa5 Rd4 32. Nc3 Nxb2 33. Nxb5 Rd3
34. Be2 Rd5 35. a4 Bd3 36. Bf3 Rf5 37. Kg2 Nxa4 38. Rxa4 Rxb5 39. Bc3 Ke6 40.
Ra6+ Bd6 41. Bg4+ Kd5 42. Bf3+ Ke6 43. Bg7 Rb8 44. Bh6 Rd8 45. Bg5 Rf8 46. Bd2
c3 47. Bg4+ Kd5 48. Rxd6+ Kxd6 49. Bxc3 Rf7 50. Bd1 Be4+ 51. f3 Bd5 52. g4 Rf4
53. Kg3 Rc4 54. Bb2 Ke6 55. f4 Rb4 56. f5+ Kf7 57. Be5 Rb1 58. Be2 Rb3+ 59. Kf2
Ra3 60. g5 Ra2 61. Ke3 Rxe2+ 62. Kxe2 Be4 63. f6 Kg6 64. Ke3 Bd5 65. Kd4 Bf7
1/2-1/2

[Event "Olomouc Chess Summer 2013 - Open Olomouc"]
[Site "?"]
[Date "2013.08.06"]
[Round "7.10"]
[White "Schmid, Thomas"]
[Black "Kireev, Aleksei"]
[Result "0-1"]
[WhiteElo "2197"]
[BlackElo "2337"]
[PlyCount "60"]
[EventDate "2013.??.??"]

1. e4 d6 2. d4 e5 3. Nf3 Nd7 4. Nc3 c6 5. a4 a5 6. Bc4 g6 7. dxe5 dxe5 8. Bg5
f6 9. Be3 Bc5 10. Bd2 Qe7 11. Ne2 Bxf2+ 12. Kxf2 Qc5+ 13. Be3 Qxc4 14. Qd6 Qf7
15. Rhd1 Qe7 16. Qd2 Kf7 17. Qc3 Kg7 18. h3 Nh6 19. g4 Nf7 20. Ng3 Qb4 21. Ra3
Qxc3 22. Rxc3 Nf8 23. Nd2 Be6 24. Nc4 Nd7 25. Nb6 Nxb6 26. Bxb6 Ng5 27. Kg2 h5
28. gxh5 Bxh3+ 29. Kf2 gxh5 30. Ke3 Kg6 0-1

[Event "Olomouc Chess Summer 2013 - Open Olomouc"]
[Site "?"]
[Date "2013.08.06"]
[Round "7.11"]
[White "Maryasin, Boris"]
[Black "Volodin, Viktor"]
[Result "1-0"]
[WhiteElo "2332"]
[BlackElo "2188"]
[PlyCount "91"]
[EventDate "2013.??.??"]

1. e4 c5 2. Nf3 Nc6 3. Bb5 g6 4. Bxc6 dxc6 5. d3 Bg7 6. h3 e5 7. Be3 Qe7 8. a4
Nf6 9. Nbd2 O-O 10. Nc4 Nd7 11. a5 Rd8 12. O-O Nf8 13. Qd2 f6 14. Nh2 Ne6 15.
f4 exf4 16. Bxf4 Nxf4 17. Qxf4 Be6 18. b3 Bxc4 19. bxc4 Qd6 20. Qxd6 Rxd6 21.
Rab1 Rd7 22. g4 Rf8 23. Kg2 Rff7 24. Nf3 Bh6 25. e5 fxe5 26. Nxe5 Rxf1 27. Kxf1
Re7 28. a6 bxa6 29. Nxc6 Rf7+ 30. Kg2 Rc7 31. Nd8 Re7 32. Ra1 Bg5 33. Rxa6 Re2+
34. Kf3 Re3+ 35. Kf2 Rxh3 36. Ne6 Bh4+ 37. Ke2 Rg3 38. Nxc5 Rxg4 39. Ne4 h5 40.
c5 Kf7 41. c6 Rg2+ 42. Kd1 Rg1+ 43. Kd2 Bg5+ 44. Kc3 Ke6 45. c7+ Kd7 46. Rc6
1-0

[Event "Olomouc Chess Summer 2013 - Open Olomouc"]
[Site "?"]
[Date "2013.08.06"]
[Round "7.12"]
[White "Mackowiak, Marek"]
[Black "Jasny, Stanislav"]
[Result "0-1"]
[WhiteElo "2174"]
[BlackElo "2311"]
[PlyCount "60"]
[EventDate "2013.??.??"]

1. c4 Nf6 2. Nc3 g6 3. g3 Bg7 4. Bg2 d6 5. d4 O-O 6. Nf3 Nc6 7. O-O Bf5 8. b3
e5 9. dxe5 dxe5 10. Ba3 Re8 11. e3 Bd3 12. Re1 e4 13. Nd2 Qd7 14. f3 exf3 15.
Nxf3 Rad8 16. Qd2 Qf5 17. Nh4 Qa5 18. Bb2 Bxc4 19. Qf2 Ng4 20. Qf4 Be6 21. Rac1
Bh6 22. Qf3 Nce5 23. Qxb7 Nd3 24. b4 Qb6 25. Qxb6 cxb6 26. h3 Nxb2 27. hxg4 Nd3
28. g5 Bxg5 29. Bc6 Nxe1 30. Rxe1 Bd7 0-1

[Event "Olomouc Chess Summer 2013 - Open Olomouc"]
[Site "?"]
[Date "2013.08.06"]
[Round "7.14"]
[White "Suder, Ryszard"]
[Black "Musaev, Rasul"]
[Result "1/2-1/2"]
[WhiteElo "2141"]
[BlackElo "2301"]
[PlyCount "37"]
[EventDate "2013.??.??"]

1. Nf3 c5 2. c4 Nc6 3. g3 e5 4. d3 Nge7 5. Bg2 g6 6. Nc3 Bg7 7. O-O O-O 8. Rb1
d6 9. a3 a5 10. Nd5 Nxd5 11. cxd5 Ne7 12. e4 a4 13. b4 axb3 14. Qxb3 h6 15. Nd2
f5 16. Nc4 fxe4 17. Nb6 Rb8 18. dxe4 Bg4 19. f3 1/2-1/2

[Event "Olomouc Chess Summer 2013 - Open Olomouc"]
[Site "?"]
[Date "2013.08.06"]
[Round "7.15"]
[White "Blazeka, Matej"]
[Black "Blahynka, Martin"]
[Result "1/2-1/2"]
[WhiteElo "2282"]
[BlackElo "2166"]
[PlyCount "124"]
[EventDate "2013.??.??"]

1. e4 c5 2. Nf3 g6 3. c4 Nc6 4. d4 cxd4 5. Nxd4 Bg7 6. Be3 Nf6 7. Nc3 Ng4 8.
Qxg4 Nxd4 9. Qd1 Ne6 10. Rc1 Qa5 11. a3 b6 12. Bd2 Qe5 13. Be2 Bb7 14. O-O Rc8
15. Be3 g5 16. Qa4 Qb8 17. Rfd1 Bc6 18. Qc2 Be5 19. h3 h5 20. b4 f6 21. Nd5 Kf7
22. Qd2 Rcg8 23. Rf1 g4 24. h4 Nf8 25. b5 Ba8 26. c5 bxc5 27. Bxc5 Ng6 28. Nxe7
Nxe7 29. Qxd7 Re8 30. Bc4+ Kg6 31. Bxe7 Rh7 32. Qf5+ Kg7 33. Bb4 Bxe4 34. Qd7+
Kh8 35. Qd2 Qb7 36. Rfd1 Bxg2 37. Qd8 Rhe7 38. Bxe7 Rxd8 39. Rxd8+ Kg7 40. Rcd1
Qf3 41. R8d3 Qf4 42. Kxg2 Qh2+ 43. Kf1 Qh1+ 44. Ke2 Qe4+ 45. Kf1 Qxc4 46. Kg1
Qxb5 47. Bd6 Kg6 48. Rd5 Qe8 49. Bxe5 fxe5 50. Re1 Kf5 51. Re3 Qe7 52. Ra5 Qc7
53. Rd5 Kf4 54. Rb5 a5 55. Rb1 Qe7 56. Rbe1 e4 57. Kg2 Qxh4 58. Rxe4+ Kf5 59.
Re5+ Kf6 60. R1e3 a4 61. Ra5 Kg6 62. Ra6+ Kf5 1/2-1/2

[Event "Olomouc Chess Summer 2013 - Open Olomouc"]
[Site "?"]
[Date "2013.08.06"]
[Round "7.16"]
[White "Kelkar, Abhishek"]
[Black "Zhylkaidarova, Sholpan"]
[Result "1-0"]
[WhiteElo "2244"]
[BlackElo "2047"]
[PlyCount "93"]
[EventDate "2013.??.??"]

1. e4 c5 2. Nf3 Nc6 3. Bb5 e6 4. O-O Nge7 5. Re1 a6 6. Bf1 d5 7. d3 d4 8. e5
Ng6 9. g3 Qc7 10. Qe2 Be7 11. Bg2 O-O 12. h4 Re8 13. h5 Nf8 14. h6 g6 15. Bf4
Nd7 16. Nbd2 b5 17. Ne4 Bb7 18. Nd6 Bxd6 19. exd6 Qd8 20. a4 Rb8 21. axb5 axb5
22. Bh3 e5 23. Bg5 f6 24. Bxd7 Qxd7 25. Bxf6 Qxd6 26. Bg7 Re7 27. Ng5 Nb4 28.
Ra7 Nd5 29. Ne4 Qc6 30. Qg4 Rbe8 31. Qg5 c4 32. Rxb7 Rxb7 33. Bxe5 Rd7 34. Bxd4
Rf7 35. Ra1 Qe6 36. Qh4 Rfe7 37. Ra5 Qc6 38. Qg4 cxd3 39. cxd3 Qc1+ 40. Kg2
Qxh6 41. Rxb5 Nc7 42. Nf6+ Kf7 43. Qf3 Qc1 44. Nxh7+ Ke6 45. Rb6+ Kd7 46. Nf6+
Kd8 47. Rb8# 1-0

[Event "Olomouc Chess Summer 2013 - Open Olomouc"]
[Site "?"]
[Date "2013.08.06"]
[Round "7.17"]
[White "Matousek, Petr"]
[Black "Ptacnikova, Lenka"]
[Result "0-1"]
[WhiteElo "2114"]
[BlackElo "2239"]
[PlyCount "102"]
[EventDate "2013.??.??"]

1. e4 c5 2. Nc3 e6 3. g3 d5 4. exd5 exd5 5. d4 cxd4 6. Qxd4 Nf6 7. Qd1 Nc6 8.
Bg2 d4 9. Nce2 Bc5 10. Nf3 Bf5 11. Nh4 Be4 12. Bxe4 Nxe4 13. Qd3 Nf6 14. O-O
O-O 15. Qf5 Qd5 16. Nf4 Qxf5 17. Nxf5 Rfe8 18. Nd3 Bf8 19. Bg5 Nd5 20. Rfe1 f6
21. Bd2 g6 22. Nh6+ Kg7 23. a3 Bd6 24. h3 f5 25. g4 Kf6 26. h4 fxg4 27. Nxg4+
Kf7 28. Kg2 Rac8 29. Rxe8 Rxe8 30. Re1 Rxe1 31. Nxe1 h5 32. Nh2 Ke6 33. Nhf3
Kf5 34. Bh6 Nf4+ 35. Kf1 Ne6 36. Ng5 Bf4 37. Nef3 Nxg5 38. hxg5 Kg4 39. Kg2 Bc1
40. Nh2+ Kf4 41. Nf3 Bxb2 42. Nh4 Ne5 43. Kh3 Bxa3 44. Bg7 Nf3 45. Ng2+ Ke4 46.
Bf6 Bd6 47. Bd8 Ng1+ 48. Kh4 Kf3 49. Ne1+ Kxf2 50. Nd3+ Kg2 51. Ne1+ Kh2 0-1

[Event "Olomouc Chess Summer 2013 - Open Olomouc"]
[Site "?"]
[Date "2013.08.06"]
[Round "7.18"]
[White "Romanov, Sergey"]
[Black "Prandstetter, Eduard"]
[Result "1-0"]
[WhiteElo "2091"]
[BlackElo "2270"]
[PlyCount "77"]
[EventDate "2013.??.??"]

1. e4 e6 2. d4 d5 3. e5 c5 4. c3 Nc6 5. Nf3 Qb6 6. a3 c4 7. Nbd2 Na5 8. Be2 Bd7
9. O-O Ne7 10. Qc2 h6 11. Rb1 Qc6 12. b4 cxb3 13. Nxb3 Qa4 14. Qa2 Nec6 15. Nc5
Bxc5 16. Bb5 Nxd4 17. Bxa4 Nxf3+ 18. gxf3 Bxa4 19. Be3 Be7 20. Kh1 b6 21. Rg1
g6 22. Qe2 Nc4 23. Ra1 h5 24. Bg5 Bxg5 25. Rxg5 Ke7 26. f4 Rhc8 27. f5 exf5 28.
h4 Bd7 29. Rg3 Rc5 30. Rd3 Ra5 31. Rd4 Bc6 32. f3 Re8 33. f4 Rxa3 34. Rc1 Rb3
35. Qg2 Kf8 36. Rxc4 dxc4 37. Qxc6 Rd8 38. Qf6 Re8 39. Rd1 1-0

[Event "Olomouc Chess Summer 2013 - Open Olomouc"]
[Site "?"]
[Date "2013.08.06"]
[Round "7.20"]
[White "Chudinovskikh, Alexander M"]
[Black "Stachon, Martin"]
[Result "1/2-1/2"]
[WhiteElo "2299"]
[BlackElo "2116"]
[PlyCount "94"]
[EventDate "2013.??.??"]

1. d4 Nf6 2. Nf3 g6 3. g3 Bg7 4. Bg2 O-O 5. O-O c6 6. a4 d6 7. Re1 Nbd7 8. e4
e5 9. Nc3 Qc7 10. h3 Re8 11. Be3 exd4 12. Nxd4 Ne5 13. b3 a5 14. Qd2 Ned7 15.
Rad1 Nc5 16. Bf4 Nh5 17. Bg5 Bd7 18. Nde2 Bf8 19. g4 Ng7 20. Ng3 f5 21. gxf5
gxf5 22. exf5 Bxf5 23. Nxf5 Nxf5 24. Ne4 Nxe4 25. Bxe4 Qf7 26. Qd3 Re5 27. f4
Rc5 28. c3 Bg7 29. Bxf5 Rxf5 30. Qxd6 Rf8 31. Qe6 Bxc3 32. Rd7 Qxe6 33. Rxe6
R5f7 34. Rdd6 Bg7 35. Kg2 h6 36. Bxh6 Bxh6 37. Rxh6 Rxf4 38. Rdg6+ Kf7 39. Rg4
Rxg4+ 40. hxg4 Kg7 41. Rd6 Rf4 42. Rd7+ Kf6 43. Rxb7 Rxg4+ 44. Kf3 Rh4 45. Ke3
Ke5 46. Kd3 Kd6 47. Ra7 Rh5 1/2-1/2

[Event "Olomouc Chess Summer 2013 - Open senior"]
[Site "Olomouc (CZE), Hotel Flora"]
[Date "2013.08.06"]
[Round "7.1"]
[White "Tsifanskaya, Ludmila"]
[Black "Golcman, Evgeny"]
[Result "1/2-1/2"]
[WhiteElo "2124"]
[BlackElo "2264"]
[PlyCount "20"]
[EventDate "2013.07.31"]

1. e4 e5 2. Nf3 Nc6 3. Nc3 Nf6 4. Bb5 d6 5. d4 Bd7 6. O-O Be7 7. dxe5 Nxe5 8.
Nxe5 dxe5 9. Bxd7+ Qxd7 10. Qxd7+ Nxd7 1/2-1/2